Optimalizácia prepojenia sietí na doručovanie obsahu

Saved in:
Bibliographic Details
Main Author: Pecha, Martin (Author)
Other Authors: Roštecký, Richard (Thesis advisor)
Format: Manuscript Book
Language:Slovak
Published: 2017
Subjects:
Online Access:http://is.stuba.sk/zp/portal_zp.pl?podrobnosti=131708
Tags: Add Tag
No Tags, Be the first to tag this record!

MARC

LEADER 00000ntm a22000003a 4500
001 stuzp59070
003 SK-STU
005 20170624210735.7
007 ta
008 150427s2015----xo-----f-mn---000-0-slo-d
040 |a STU  |b slo 
041 0 |a slo 
100 1 |a Pecha, Martin  |u 070400  |4 aut  |U FIIT Fakulta informatiky a informačných technológií  |T FIIT Ústav počítačového inžinierstva a aplikovanej informatiky  |X 60367  |U I400  |Y 672  |7 60367 
242 0 1 |a Optimizing interconnection of content delivery networks  |y eng 
245 1 0 |a Optimalizácia prepojenia sietí na doručovanie obsahu 
260 |c 2017 
650 4 |a CDN  |2 slo 
650 4 |a Cisco Internet Streamer CDS  |2 slo 
650 4 |a Prepojenie CDN  |2 slo 
650 4 |a Cisco Internet Streamer CDS  |2 eng 
650 4 |a CDN  |2 eng 
650 4 |a CDN Interconnection  |2 eng 
700 1 |a Roštecký, Richard  |u 070400  |k Z3  |4 ths  |U FIIT Fakulta informatiky a informačných technológií  |T FIIT Ústav počítačového inžinierstva a aplikovanej informatiky  |X 64550  |U I400  |Y 672  |7 A000064550 
856 4 |u http://is.stuba.sk/zp/portal_zp.pl?podrobnosti=131708 
996 |b 11252  |c I* BAP33/17  |l II680  |s P  |a 0  |w stuzp59070_0001